Improving the environment through reducing subsidies case studies

Guardado en:
Detalles Bibliográficos
Formato: Libro
Lenguaje:inglés
Publicado: Paris OECD 1999
Materias:
Etiquetas: Agregar Etiqueta
Sin Etiquetas, Sea el primero en etiquetar este registro!

MARC

LEADER 00000nam a2200000 4500
001 c121990
005 20221108121708.9
020 |a 92-64-17093-6 
041 0 |a eng 
044 |a FR 
245 1 0 |a Improving the environment through reducing subsidies  |b case studies 
264 1 |a Paris  |b OECD  |c 1999 
300 |a 270 s. 
610 2 0 |a environmentalistika 
610 2 0 |a podpora podnikania 
610 2 0 |a dane 
610 2 0 |a subvencie 
610 2 0 |a poľnohospodárstvo 
610 2 0 |a pomoc štátna 
610 2 0 |a prostredie prírodné 
610 2 0 |a prostredie životné 
610 2 0 |a zavlažovanie 
610 2 0 |a zdaňovanie 
610 2 0 |a znečistenie ovzdušia 
610 2 0 |a znečistenie pôdy 
610 2 0 |a znečistenie prostredia životného 
610 2 0 |a znečistenie vôd 
610 2 0 |a zvýhodnenie daňové 
610 2 0 |a ochrana prírody 
610 2 0 |a ochrana prostredia životného 
610 2 0 |a štúdie prípadové 
610 2 0 |a OECD